| 000 | 00325nam a2200121Ia 4500 | ||
|---|---|---|---|
| 008 | 230907s9999||||xx |||||||||||||| ||und|| | ||
| 082 |
_a891.4391 _bMUH |
||
| 245 | 0 | _aبالِ جبریل ، Bal-e-jibreel / | |
| 260 |
_aIlm-O-Irfan Publishers, _bLahore : _c2016 |
||
| 300 | _a168 p. | ||
| 650 | _aUrdu Literature | ||
| 942 | _cBK | ||
| 999 |
_c599766 _d599766 |
||